| 000 | 00806nam a2200265Ia 4500 | ||
|---|---|---|---|
| 003 | OSt | ||
| 005 | 20220925214643.0 | ||
| 006 | a|||||r|||| 00| 0 | ||
| 007 | ta | ||
| 008 | 220923b |||||||| |||| 00| 0 eng d | ||
| 020 | _a0 903804 90 5 | ||
| 037 | _cGeneral Book | ||
| 040 |
_aRTL _cRTL _beng |
||
| 041 |
_2eng _aeng |
||
| 082 | _aY48.53.N8, M1 | ||
| 100 |
_aHoworth Jolyon _9280850 |
||
| 245 | 0 |
_aElites in France _b Origin, reproduction and power |
|
| 260 |
_aLondon _bFrances Pinter _c1981 |
||
| 300 |
_avi, 253p _ccm. |
||
| 490 | _aAssociation for the Study of Modern and Contemporary France | ||
| 650 | _aElites | ||
| 700 |
_a Cerny Philip G Ed. _9269651 |
||
| 942 |
_hY48.53.N8, M1 _cGB _2CC |
||
| 999 |
_c566134 _d566134 |
||